[Event "PER-ch"]
[Site "Lima"]
[Date "2023.09.03"]
[Round "8"]
[White "Sardon Aragon, Alejandro Ulysses"]
[Black "Quispe Flores, Anderson"]
[Result "0-1"]
[WhiteElo "1085"]
[BlackElo "1492"]
[PlyCount "91"]
[EventDate "2023.08.29"]
[EventType "swiss"]
[EventRounds "9"]
[EventCountry "PER"]
[SourceTitle "EXT 2024"]
[Source "ChessBase"]
[SourceDate "2023.10.10"]
[SourceVersion "1"]
[SourceVersionDate "2023.10.10"]
[SourceQuality "1"]

1. e4 e6 2. d4 d5 3. Nd2 dxe4 4. Nxe4 Nd7 5. Nf3 Ngf6 6. Bd3 Be7 7. Bg5 0-0 8. Qe2 b6 9. 0-0-0 Bb7 10. h4 Re8 11. Ne5 Nxe4 12. Bxe7 Rxe7 13. Bxe4 Bxe4 14. Qxe4 Nf6 15. Qf3 Qd5 16. Nc6 Rd7 17. Qxd5 Nxd5 18. c4 Nf6 19. b4 Kf8 20. f3 Rd6 21. b5 a6 22. a4 axb5 23. axb5 Ra4 24. Ne5 Nd7 25. c5 bxc5 26. Nxd7+ Rxd7 27. dxc5 Rc4+ 28. Kb2 Rxd1 29. Rxd1 Rxc5 30. Rd8+ Ke7 31. Rb8 Re5 32. Rb7 Kd6 33. Kc3 Re2 34. b6 cxb6 35. Rxb6+ Ke5 36. Rb5+ Kf6 37. Rg5 h6 38. Rg4 g5 39. hxg5+ hxg5 40. Kd3 Ra2 41. Ke3 Kf5 42. g3 Ra3+ 43. Kf2 Ra2+ 44. Ke3 Rg2 45. Kd4 f6 46. Ke3 0-1

[Event "PER-ch"]
[Site "Lima"]
[Date "2023.08.30"]
[Round "3"]
[White "Quispe Flores, Anderson"]
[Black "Alvarado Zamora, Albert"]
[Result "0-1"]
[WhiteElo "1492"]
[BlackElo "2046"]
[PlyCount "84"]
[EventDate "2023.08.29"]
[EventType "swiss"]
[EventRounds "9"]
[EventCountry "PER"]
[SourceTitle "EXT 2024"]
[Source "ChessBase"]
[SourceDate "2023.10.10"]
[SourceVersion "1"]
[SourceVersionDate "2023.10.10"]
[SourceQuality "1"]

1. d4 a6 2. c4 b5 3. e3 c6 4. Nf3 Nf6 5. Be2 bxc4 6. Bxc4 e6 7. Nc3 d5 8. Bd3 c5 9. 0-0 Nbd7 10. e4 cxd4 11. Nxd4 Nc5 12. Re1 dxe4 13. Nxe4 Ncxe4 14. Bxe4 Nxe4 15. Rxe4 Qd5 16. Re1 Be7 17. Qf3 Bb7 18. Qxd5 Bxd5 19. Bd2 0-0 20. Bc3 Rfc8 21. Nc2 a5 22. Ne3 Bb7 23. Rac1 a4 24. a3 Bf8 25. Red1 Ba6 26. Nc2 Bc4 27. Nb4 Bb3 28. Re1 f6 29. g3 e5 30. f3 Rd8 31. Re2 Bd1 32. Rd2 Bxf3 33. Kf2 Bg4 34. Nd5 Rac8 35. Ne3 Rxc3 36. Rxd8 Rxc1 37. Nxg4 Rc2+ 38. Kg1 Rxb2 39. Ra8 Rb3 40. Rxa4 Bc5+ 41. Kg2 h5 42. Ra8+ Kh7 0-1